Statistics for Who Had The Most Screen Time In Infinity War?

Click here to take the quiz!

General Stats

  • This quiz has been taken 184 times
  • The average score is 10 of 12

Answer Stats

Screen TimeAnswer% Correct
18 min.Tony Stark/Iron Man
99%
6:45 min.Steve Rogers/Captain America
97%
29 min.Thanos
97%
14:30 min.Thor
91%
8:45 min.Bruce Banner/Hulk
88%
7:30 min.Peter Parker/Spider-Man
86%
19:30 min.Gamora
79%
10:15 min.Star Lord/Peter Quill
78%
11:30Doctor Strange
76%
9:45 min.Vision
72%
9 min.Scarlet Witch/Wanda Maximoff
67%
6 min.Rocket
66%

Score Distribution

Percentile by Number Answered

Percent of People with Each Score

Your Score History

You have not taken this quiz